Name the artists in Nilles' main playlist - Statistics

General Stats
  • This quiz has been taken 11 times
    6 since last reset
  • The average score is 6 of 62
Answer Stats
Answer % Correct
26 Eminem
100%
2 2Pac
67%
2 Dr. Dre
67%
1 The Notorious B.I.G.
67%
3 50 Cent
33%
1 D12
33%
1 Dax
33%
2 Ed Sheeran
33%
1 Machine Gun Kelly
33%
10 NF
33%
1 NOEL
33%
1 Snoop Dogg
33%
1 26 Hold’n
0%
1 A Capella Science
0%
1 Anderson .Paak
0%
1 Andiroo
0%
1 Blackalicious
0%
1 blackbear
0%
1 Black Caviar
0%
1 Black Thought
0%
1 Blackway
0%
1 Boyinaband
0%
1 Crypt
0%
1 Cut Chemist
0%
1 Cypress Hill
0%
1 Dbangz
0%
1 Denaun
0%
1 Dido
0%
1 Duckwrth
0%
1 Fort Minor
0%
1 Fresku
0%
1 Gesaffelstein
0%
1 iDubbbz
0%
1 Joell Ortiz
0%
1 Juice WRLD
0%
1 KXNG Crooked
0%
1 Lateef The Truthspeaker
0%
1 LayedBak
0%
1 Miracle Musical
0%
1 Nate Dogg
0%
1 Oliver Tree
0%
1 Perquisite
0%
1 Pete Philly
0%
1 Pete Philly & Perquisite
0%
1 Q-Tip
0%
1 Rhett and Link
0%
3 Royce Da 5'9"
0%
1 Rynx
0%
1 Shaboozey
0%
3 Spock
0%
1 Styles Of Beyond
0%
1 Talent
0%
1 Tally Hall
0%
1 The Seige
0%
1 The Weeknd
0%
8 Tiny Meat Gang
0%
1 Too $hort
0%
1 Twenty One Pilots
0%
1 Vin Jay
0%
1 White Gold
0%
1 Woodkid
0%
1 Zondag met Lubach
0%
No matching quizzes found
Score Distribution
Percent of People with Each Score
Percentile by Number Answered
Your Score History
You have not taken this quiz since the last reset